| Tag |
First Indicator |
Second Indicator |
Subfields |
| LEADER |
00000cam a2200000 i 4500 |
| 001 |
in00000038415 |
| 005 |
20151007081029.0 |
| 008 |
800314s1980 mauaf b 00110 eng |
| 010 |
|
|
|a 79088448
|
| 020 |
|
|
|a 0395285801
|
| 035 |
|
|
|a (OCoLC)06128270
|
| 035 |
|
|
|9 AAF5767AM
|
| 040 |
|
|
|a DLC
|c DLC
|d TXA
|d UtOrBLW
|
| 049 |
|
|
|a TXAM
|c [1558644]
|
| 050 |
0 |
0 |
|a BF637.C6
|b S47 1980
|
| 082 |
0 |
|
|a 158/.3
|
| 100 |
1 |
|
|a Shertzer, Bruce.
|
| 245 |
1 |
0 |
|a Fundamentals of counseling /
|c Bruce Shertzer, Shelley C. Stone.
|
| 250 |
|
|
|a 3d ed.
|
| 264 |
|
1 |
|a Boston :
|b Houghton Mifflin,
|c [1980]
|
| 264 |
|
4 |
|c ©1980
|
| 300 |
|
|
|a x, 476 pages, 1 unnumbered leaf of plates :
|b illustrations ;
|c 25 cm..
|
| 336 |
|
|
|a text
|b txt
|2 rdacontent
|
| 337 |
|
|
|a unmediated
|b n
|2 rdamedia
|
| 338 |
|
|
|a volume
|b nc
|2 rdacarrier
|
| 504 |
|
|
|a Includes bibliographies and index.
|
| 650 |
|
0 |
|a Counseling.
|
| 700 |
1 |
|
|a Stone, Shelley C.,
|d 1928-
|
| 999 |
|
|
|a MARS
|
| 999 |
f |
f |
|s 32661c26-9d84-3ff5-b9db-ba7a73cde5d5
|i 6e45d3c3-4162-33f0-b16d-f3787e5ed141
|t 0
|
| 952 |
f |
f |
|p ric
|a Texas A&M University
|b Rellis Campus
|c Joint Library Facility
|d Remote Storage
|t 0
|e BF637.C6 S47 1980
|h Library of Congress classification
|i unmediated -- volume
|m A14801689757
|
| 998 |
f |
f |
|a BF637.C6 S47 1980
|t 0
|l Remote Storage
|